000 00336nam a2200145Ia 4500
008 191201s2007 xx 000 0 und d
082 _a005.133
_bRAC
100 _aRajaraman
245 0 _aComputer Programming in Fortron 77
250 _a4th
260 _aN.Delhi
_bPHI
_c2007
300 _a-
650 _aB.Tech(IT)
942 _2ddc
_cBK
999 _c2778
_d2778